Statistics for All San Francisco Neighborhoods

Click here to take the quiz!

General Stats

  • This quiz has been taken 160 times
  • The average score is 18 of 65

Answer Stats

#NeighborhoodPop.% Correct
22The Castro12,064
74%
12Haight-Ashbury23,717
72%
10Tenderloin25,067
71%
28Chinatown10,136
64%
46Presidio3,994
59%
7South of Market35,386
56%
6Bayview35,890
54%
14Nob Hill21,931
54%
4Mission District45,039
53%
15Pacific Heights19,716
52%
17Russian Hill17,133
49%
60Fisherman's Wharf1,441
48%
37Financial District6,974
47%
13Noe Valley22,548
46%
24North Beach11,601
46%
5Downtown39,932
44%
62Japantown1,397
44%
1Sunset District85,000
40%
8Outer Richmond30,493
39%
20Lower Pacific Heights12,934
38%
3Outer Sunset50,788
36%
9Bernal Heights28,638
35%
21Marina District12,071
35%
29Civic Center10,101
34%
49Cow Hollow3,270
34%
2Richmond District60,500
34%
40Central Waterfront6,453
33%
34Mission Bay7,291
31%
19Potrero Hill13,448
31%
36Glen Park6,979
29%
32Telegraph Hill8,177
29%
26Ingleside10,251
28%
18Portola14,401
28%
16Parkside18,276
26%
50West Portal3,238
25%
31Outer Mission8,546
22%
30Presidio Heights8,734
22%
23Crocker-Amazon11,902
21%
11Visitacion Valley24,607
21%
61Sea Cliff1,429
20%
51Forest Hill3,106
16%
39Panhandle6,467
16%
47Laurel Heights3,751
15%
27Parkmerced10,158
14%
41Alamo Square5,617
13%
52Treasure Island3,064
13%
42Inner Parkside5,076
12%
65India Basin410
11%
63Saint Francis Wood1,310
11%
25Golden Gate Heights11,002
9%
35Oceanview7,010
9%
48Lakeshore3,313
8%
64Little Hollywood1,165
8%
55Anza Vista2,005
7%
44Miraloma4,610
7%
33Silver Terrace7,328
7%
56Forest Knolls1,798
6%
59Lakeside1,575
6%
45Sunnydale4,102
6%
38Sunnyside6,776
6%
58Midtown Terrace1,703
4%
54Ingleside Terraces2,015
2%
43University Mound4,702
2%
53Westwood Park2,106
2%
57Westwood Highlands1,782
1%

Score Distribution

Percentile by Number Answered

Percent of People with Each Score

Your Score History

You have not taken this quiz